|
|
|
|
| LEADER |
02700nam a22004097a 4500 |
| 001 |
35852 |
| 003 |
BD-DhAAL |
| 005 |
20220817152610.0 |
| 008 |
190916t20182018enk sb 001 0 eng d |
| 999 |
|
|
|c 41271
|d 41271
|
| 020 |
|
|
|a 9781292215006
|
| 020 |
|
|
|a 1292215003
|
| 040 |
|
|
|a BD-DhAAL
|
| 082 |
|
|
|a 332.10973
|
| 100 |
|
|
|a Mishkin, Frederic S.
|9 34695
|
| 245 |
|
|
|a Financial markets and institutions /
|c Frederic S. Mishkin, Stanley G. Eakins.
|
| 250 |
|
|
|a Ninth edition, global edition.
|
| 260 |
|
|
|b Harlow, England :
|c Pearson,
|a c2018
|
| 300 |
|
|
|a 688 pages :
|b illustrations ;
|c 26 cm
|
| 504 |
|
|
|a Includes bibliographical references and index.
|
| 526 |
|
|
|a BBS, ESS
|
| 541 |
|
|
|a STS International, Book Finder International
|e 35852, 35853, 39387, 39388, 39389, 39390, 39391
|
| 650 |
|
|
|a Financial institutions
|z United States.
|9 34696
|
| 650 |
|
|
|a Money
|z United States.
|9 34697
|
| 650 |
|
|
|a Money market
|z United States.
|9 34698
|
| 650 |
|
|
|a Banks and banking
|z United States.
|9 34699
|
| 650 |
|
|
|a Business & finance.
|9 43355
|
| 700 |
|
|
|a Eakins, Stanley G.
|9 34700
|
| 852 |
|
|
|a Ayesha Abed Library
|c General Stacks
|
| 942 |
|
|
|2 ddc
|c BK
|
| 952 |
|
|
|0 0
|1 0
|2 ddc
|4 0
|6 332_109730000000000_MIS
|7 0
|9 66330
|a BRACUL
|b BRACUL
|c GEN
|d 2019-09-16
|e STS International
|g 4451.00
|l 1
|m 8
|o 332.10973 MIS
|p 3010035853
|q 2025-11-06
|r 2020-01-13
|s 2020-01-13
|t 2
|v 4451.00
|w 2019-09-16
|y BK
|
| 952 |
|
|
|0 0
|1 0
|2 ddc
|4 0
|6 332_109730000000000_MIS
|7 0
|9 66331
|a BRACUL
|b BRACUL
|c GEN
|d 2019-09-16
|e STS International
|g 4451.00
|l 5
|m 64
|o 332.10973 MIS
|p 3010035852
|r 2025-10-08
|s 2025-07-10
|t 1
|v 4451.00
|w 2019-09-16
|y BK
|
| 952 |
|
|
|0 0
|1 0
|2 ddc
|4 0
|6 332_109730000000000_MIS
|7 0
|9 71395
|a BRACUL
|b BRACUL
|c GEN
|d 2022-07-28
|e Book Finder International
|g 5649.48
|l 5
|m 36
|o 332.10973 MIS
|p 3010039389
|r 2026-02-03
|s 2026-02-01
|t 5
|v 5649.48
|w 2022-07-28
|y BK
|
| 952 |
|
|
|0 0
|1 0
|2 ddc
|4 0
|6 332_109730000000000_MIS
|7 0
|9 71396
|a BRACUL
|b BRACUL
|c GEN
|d 2022-07-28
|e Book Finder International
|g 5649.48
|l 4
|m 30
|o 332.10973 MIS
|p 3010039388
|r 2023-09-05
|s 2023-06-14
|t 4
|v 5649.48
|w 2022-07-28
|y BK
|x Please send for binding
|
| 952 |
|
|
|0 0
|1 0
|2 ddc
|4 0
|6 332_109730000000000_MIS
|7 0
|9 71397
|a BRACUL
|b BRACUL
|c GEN
|d 2022-07-28
|e Book Finder International
|g 5649.48
|l 2
|m 31
|o 332.10973 MIS
|p 3010039391
|r 2023-09-07
|s 2023-01-28
|t 7
|v 5649.48
|w 2022-07-28
|y BK
|
| 952 |
|
|
|0 0
|1 0
|2 ddc
|4 0
|6 332_109730000000000_MIS
|7 0
|9 71398
|a BRACUL
|b BRACUL
|c GEN
|d 2022-07-28
|e Book Finder International
|g 5649.48
|l 6
|m 35
|o 332.10973 MIS
|p 3010039387
|r 2025-10-13
|s 2025-06-17
|t 3
|v 5649.48
|w 2022-07-28
|y BK
|
| 952 |
|
|
|0 0
|1 0
|2 ddc
|4 0
|6 332_109730000000000_MIS
|7 0
|9 71399
|a BRACUL
|b BRACUL
|c GEN
|d 2022-07-28
|e Book Finder International
|g 5649.48
|l 4
|m 45
|o 332.10973 MIS
|p 3010039390
|r 2026-05-21
|s 2026-04-02
|t 6
|v 5649.48
|w 2022-07-28
|y BK
|